|
|
|
|
| LEADER |
00847nam a2200241 4500 |
| 001 |
c000353545 |
| 003 |
CARM |
| 005 |
00000000000000.0 |
| 008 |
720515s1972 ilu b 00110 eng |
| 019 |
1 |
|
|a 87421
|5 LACONCORD2021
|
| 020 |
|
|
|a 0398022542
|
| 035 |
|
|
|a (OCoLC)320711
|5 LACONCORD2021
|
| 050 |
0 |
0 |
|a RJ504
|b .C37
|
| 100 |
1 |
|
|a Carek, Donald J.
|
| 245 |
1 |
0 |
|a Principles of child psychotherapy,
|c by Donald J. Carek.
|
| 260 |
|
|
|a Springfield, Ill.,
|b C. C. Thomas
|c [1972]
|
| 300 |
|
|
|a xi, 226 p.
|c 24 cm.
|
| 504 |
|
|
|a Bibliography: p. 216-218.
|
| 650 |
|
0 |
|a Child psychotherapy.
|
| 852 |
8 |
|
|b CARM
|h A1:AL32B0
|i B10181
|p 0429702
|f BK
|
| 082 |
0 |
4 |
|a 618.9/28/914
|
| 999 |
f |
f |
|i c4f32ec2-7b41-5e26-a0d9-ccc2c9a4a82c
|s 527d00d8-7c46-5574-be4c-9e2712353719
|
| 952 |
f |
f |
|p Can circulate
|a CAVAL
|b CAVAL
|c CAVAL
|d CARM 1 Store
|e B10181
|f A1:AL32B0
|h Other scheme
|i book
|m 0429702
|